| 000 | 00880nam a2200265 c 4500 | ||
|---|---|---|---|
| 003 | BLK | ||
| 005 | 20180420233117.0 | ||
| 008 | 180409b bul|||||r ||||||| ||bul|| | ||
| 010 | _aKNG00146200000 | ||
| 040 | _aBLK | ||
| 041 |
_aBUL _cBUL |
||
| 080 |
_aБългарска литература _b821.163.2 _x-31 _z821.163.2-31 |
||
| 100 | 1 |
_aБорисов, Станко _eпърви автор _9267932 |
|
| 139 |
_aБорисов, Станко _bБ 65 |
||
| 245 | 1 | 0 |
_aРуда _bРоман _cСтанко Борисов. |
| 257 | _aBGR | ||
| 260 |
_аСофия _bНар. младеж _c1984 |
||
| 300 |
_a284 с. _c20 см |
||
| 380 | _aX | ||
| 852 | _aЦб 127620 | ||
| 856 | 4 |
_qpdf _u |
|
| 856 | 4 |
_qpdf _u |
|
| 942 |
_cKNG _n0 |
||
| 944 |
_aCR _c17.07.2013 _l17.07.2013 - от С1,Р / 17.07.2013 _kНаталия_Любомирова |
||
| 944 |
_aED _c15.09.2015 _l17.07.2013 - от С1,Р / 17.07.2013 _k |
||
| 999 |
_c140141 _d140141 |
||